| 000 | 01004nam a2200229Ia 4500 | ||
|---|---|---|---|
| 003 | Ost | ||
| 005 | 20260507075059.0 | ||
| 008 | 260507s9999||||xx |||||||||||||| ||und|| | ||
| 040 | _cfsecg | ||
| 041 | _aara | ||
| 082 | _a338.9 | ||
| 100 |
_aعلام، سعد طه _eمؤلف |
||
| 245 | 0 |
_aالتنمية...والدولة / _c سعد طه علام |
|
| 260 |
_aالقاهرة: _bدار طيبة, _c2003 |
||
| 300 |
_a212 صفحة؛ _bإيضاحات ؛ _c24 سم |
||
| 504 | _aبيبليوغرافيا ص.203 | ||
| 520 | _aأزمة التنمية والمشروع الحضاري،التغيير في وظائف الدولة الإجتماعية في ظل المستجدات العالمية والمحلية،التغيير التكنولوجي في الدول النامية،العولمة،المتابعة والرقابة (الخطة-الوحدة-المشروع) | ||
| 653 | _aالتنمية الاقتصادية | ||
| 653 | _aالدولة | ||
| 653 | _aالعولمة | ||
| 942 | _cكتاب | ||
| 999 |
_c42776 _d42776 |
||